Mots en P par définition - Statistiques

Statistiques générales
  • Ce quiz a été pris 311 fois
  • Le résultat moyen est 16 sur 20
Statistiques - réponses
Genre Définition Mot % Correct
Nom Féminin Femelle de l'espèce domestique de gallinacés, répandue dans le monde entier, élevée pour sa chair et pour ses œufs. Poule
98%
Nom Masculin Père, dans le contexte de l'enfance. Papa
95%
Nom Masculin Ensemble d'emplacements pour garer les voitures en sous-sol d'un immeuble ou au pied de celui-ci ; chacun de ces emplacements. Parking
91%
Nom Féminin Administration, agents chargés de veiller à l'observation de ces mesures ; ensemble des forces du maintien de l'ordre ; locaux où se trouve cette administration. Police
91%
Nom Masculin Arme à feu individuelle, courte et légère. Pistolet
90%
Nom Masculin Personne qui va à pied, par rapport à celle qui est motorisée. Piéton
89%
Nom Féminin Fabrication de vases, de plats, de cruches, d'ustensiles divers de grès, de terre à cuire. Poterie
89%
Nom Féminin Orifice circulaire situé au centre de l'iris et permettant, par sa contraction ou sa dilatation, de doser la quantité de lumière qui pénètre dans l'œil. Pupille
83%
Nom Féminin Pays où l'on est né ou auquel on appartient comme citoyen, et pour lequel on a un attachement affectif. Patrie
82%
Nom Masculin Fromage italien au lait de vache à pâte dure, de forme cylindrique et pesant de 10 à 30 kg, fabriqué en Lombardie, qu'on utilise comme fromage à râper. Parmesan
81%
Nom Masculin Vertébré aquatique, respirant toute sa vie au moyen de branchies et pourvu de nageoires locomotrices. Poisson
81%
Nom Féminin Procédé permettant d'enregistrer, à l'aide de la lumière et de produits chimiques, l'image d'un objet. Photographie
80%
Nom Féminin Partie du tronc, entre le cou et l'abdomen. Poitrine
76%
Nom Masculin Affiche ou photo de grand format destinée à la décoration, l'utilisation privée. Poster
76%
Nom Féminin Spécialité orthopédique qui se consacre à l'examen, au diagnostic, au traitement et à la prévention des maladies du pied. Podologie
75%
Nom Masculin Droit perçu pour le passage des personnes, des animaux, des marchandises ou des véhicules sur une voie publique (route, autoroute, tunnel, voie navigable), un bac, un pont, en vue d'amortir les frais de construction et d'entretien ; lieu où est perçue cette taxe. Péage
70%
Nom Féminin Fragment rocheux quelconque de forme et d'importance variables. Pierre
69%
Nom Masculin Fruit, petite baie d'une saveur piquante et aromatique, très utilisé en cuisine comme condiment. Poivre
66%
Nom Masculin Type de crayon de couleur en bâtonnet ordinairement constitué par une pâte aqueuse de carbonate de calcium, pigmentée de diverses couleurs. Pastel
63%
Nom Féminin Morceau de papier dont on enveloppe un bonbon de sucre ou de chocolat ; bonbon, chocolat ainsi enveloppé. Papillote
46%
Aucun quiz correspondant
Distribution des résultats
% des personnes avec chaque résultat
Percentile par nombre de réponses
Votre historique - résultats
Vous n’avez pas pris ce quiz